| 000 | 00470cam a2200193 4500 | ||
|---|---|---|---|
| 008 | 090401t1987 xxu||||| |||| 00| 0 eng d | ||
| 020 | _a0851213200 | ||
| 035 | _a(Sirsi) u62551 | ||
| 041 | _aeng | ||
| 050 | _a336.21 | ||
| 100 | _aPlimmer, Frances A.S | ||
| 245 | _aRating valuation : a practical guide | ||
| 260 |
_aLondon _bLongman _c1987 |
||
| 300 | _axx,204p. ; 24cm. | ||
| 350 | _a14.95 | ||
| 650 | _aRATES AND RATING | ||
| 942 | _n0 | ||
| 948 | _c04/03/1997 | ||
| 999 |
_c94440 _d94440 |
||